000 00550nam a2200169Ia 4500
003 GCL
008 140319s9999 xx 000 0 ara d
040 _aGCL /
_cGCL
082 0 4 _a810.96
_bع ا
100 1 _aعلى محمد سالم
245 1 0 _aالادب العربي في الاندلس تطوره- موضوعاته واشهر اعلامه /
_cعلى محمد سالم
260 _a[S.N] :
_bالدار العربية للموسوعات ،
_c1989
300 _a526 ص
490 _a
650 0 4 _aالادب العربى
942 _2ddc
_cBK
999 _c54643
_d54643